Visualizzazione normale
Vista MARC
- Commissione delle Comunità Europee
di Personal Name
Records bibliografici associati: 1
001 - CONTROL NUMBER
- control field: 62401
003 - CONTROL NUMBER IDENTIFIER
- control field:
005 - DATE AND TIME OF LATEST TRANSACTION
- control field: 20250707115035.0
008 - FIXED-LENGTH DATA ELEMENTS
- fixed length control field: 250707|| aca||aabn | a|a d
040 ## - CATALOGING SOURCE
- Original cataloging agency:
- Transcribing agency:
100 ## - HEADING--PERSONAL NAME
- Personal name: Commissione delle Comunità Europee
670 ## - SOURCE DATA FOUND
- Source citation: Work cat.: ()240726: Commissione delle Comunità Europee, I cambiamenti demografici, 2006